Забава в скуке или Новой увеселительной способ. Гадать на картах. (Запись № 9661672)

Подробности
000 -МАРКЕР
контрольное поле 03952nam0a22005051 4500
001 - ИДЕНТИФИКАТОР ЗАПИСИ
контрольное поле RU\NLR\A1\955
005 - ИДЕНТИФИКАТОР ВЕРСИИ
контрольное поле 20260406105854.0
035 ## - ДРУГИЕ СИСТЕМНЫЕ НОМЕРА
Идентификатор записи (NLR Aleph) 009671109
100 ## - ДАННЫЕ ОБЩЕЙ ОБРАБОТКИ
Данные общей обработки 19960729d1788 m y0rusy50 ca
101 0# - ЯЗЫК РЕСУРСА
Язык текста, звукозаписи и т.д. русский
102 ## - СТРАНА ПУБЛИКАЦИИ ИЛИ ПРОИЗВОДСТВА
Страна публикации российская федерация
135 ## - ПОЛЕ КОДИРОВАННЫХ ДАННЫХ: ЭЛЕКТРОННЫЕ РЕСУРСЫ
Кодированные данные для электронного ресурса crcn 024anaba
140 ## - ПОЛЕ КОДИРОВАННЫХ ДАННЫХ: СТАРОПЕЧАТНЫЕ ИЗДАНИЯ - ОБЩАЯ ИНФОРМАЦИЯ
Кодированные данные о старопечатном издании - Основные y y ma yaa0000
200 1# - ЗАГЛАВИЕ И СВЕДЕНИЯ ОБ ОТВЕТСТВЕННОСТИ
Основное заглавие Забава в скуке или Новой увеселительной способ. Гадать на картах.
210 ## - ПУБЛИКАЦИЯ, РАСПРОСТРАНЕНИЕ И ДР.
Место издания, распространения и т.д. в Москве
Имя издателя, распространителя и т. д. Иждивением А.Решетникова
-- [тип. А.Анненкова]
Дата издания, распространения и т.д. 1788
215 ## - ФИЗИЧЕСКАЯ ХАРАКТЕРИСТИКА
Специфическое обозначение материала и объем 1-51, 32, 38, [1] с.
Другие сведения о физической характеристике ил.
Размеры
300 ## - ОБЩИЕ ПРИМЕЧАНИЯ
Текст примечания Тит. л. грав.
300 ## - ОБЩИЕ ПРИМЕЧАНИЯ
Текст примечания На обороте тит. л.: печатана с указанаго дозволения в типографии А.А.
300 ## - ОБЩИЕ ПРИМЕЧАНИЯ
Текст примечания Имеются ошибки в паг.: с.52-53 помечены как 32 и 38.
316 ## - ПРИМЕЧАНИЯ ОБ ОСОБЕННОСТЯХ ЭКЗЕМПЛЯРА
Текст примечания Экз. РНБ (18.90.5.44) в сост. картон. пер., обтянутом серой бумагой, с кожаными коричневыми корешком и уголками. Верхняя крышка пер. оторвана. На нижней крышке пер. экслибрис рус. фонда ГПБ с шифром. Корешок гладкий, с блинтовым тиснением. На корешке фрагм. коричневой кожаной наклейки, на которой вытиснено: "Забава в скуке" и бумаж. наклейка с порядковым номером кн. на полке: "44". Обрез крапчатый крас. На форзаце ярлык с шифром РНБ и владельч. запись: "Ni. Va.". На нахзаце пустой ярлык (перевернут). На тит. л., с.33 и 53, помеченной как 38, круглый штамп ГПБ.
Организация и экземпляр, к которому относится поле NLR: 18.90.5.44
321 1# - ПРИМЕЧАНИЯ ОБ ОТДЕЛЬНО ИЗДАННЫХ УКАЗАТЕЛЯХ / РЕФЕРАТАХ / ССЫЛКАХ, ОТРАЖАЮЩИХ КАТАЛОГИЗИРУЕМЫЙ ДОКУМЕНТ
Примечания об указателях, рефератах, ссылках СК XVIII 2286
325 1# - ПРИМЕЧАНИЕ О КОПИИ
Текст примечания Копия доступна в электронной библиотеке РНБ
325 1# - ПРИМЕЧАНИЕ О КОПИИ
Текст примечания Воспроизведен микрофильм. РНБ Репрография: Санкт-Петербург, 2015. Позитив: 40 кадров; микрофильм рулонный; 35мм; монохромный; основа безопасная; эмульсия галогеносеребряная; кратность уменьшения 8; рабочая копия. Негатив: # кадров ; 40 мм ; основная страховая копия.
327 0# - ПРИМЕЧАНИЯ О СОДЕРЖАНИИ
Текст примечания Книгопродавч. роспись А.Решетникова (С.51-53)
517 1# - ДРУГИЕ ВАРИАНТЫ ЗАГЛАВИЯ
Вариант заглавия Новой увеселительной способ гадать на картах.
518 1# - ЗАГЛАВИЕ В СТАНДАРТНОМ СОВРЕМЕННОМ ПРАВОПИСАНИИ
Основное заглавие, вариант заглавия или унифицированное заглавие Новый увеселительный способ гадать на картах
620 ## - МЕСТО И ДАТА ПУБЛИКАЦИИ, ИСПОЛНЕНИЯ И Т. Д.
Город Москва
702 #1 - ИМЯ ЛИЦА - ВТОРИЧНАЯ ОТВЕТСТВЕННОСТЬ
Код отношения Печатник (типограф)
-- Книготорговец
Материалы, к которым относится поле rus
Графика поля Кириллица
Начальный элемент ввода Решетников
Часть имени, кроме начального элемента ввода А. Г.
Дополнения к именам, кроме дат издатель
Даты 18 в.-19 в.
Расширение инициалов личного имени Андрей Гордеевич
Идентификатор авторитетной/нормативной записи RU\NLR\AUTH\77104105
Системный номер авторитетной/нормативной записи 87030
702 #1 - ИМЯ ЛИЦА - ВТОРИЧНАЯ ОТВЕТСТВЕННОСТЬ
Связь между полями z01790
Начальный элемент ввода Анненков
Часть имени, кроме начального элемента ввода А.
Код отношения Печатник (типограф)
712 00 - НАИМЕНОВАНИЕ ОРГАНИЗАЦИИ - ВТОРИЧНАЯ ОТВЕТСТВЕННОСТЬ
Код отношения Печатник (типограф)
Начальный элемент ввода Анненков,
Идентифицирующий признак Москва
Инверсированный элемент А.,
Часть наименования, отличная от начального элемента ввода и от инверсированного элемента типография
Системный номер авторитетной/нормативной записи 515558
Идентификатор авторитетной/нормативной записи RU\NLR\AUTH\880425512
790 #0 - ИМЯ ЛИЦА - АЛЬТЕРНАТИВНАЯ ФОРМА
Связь между полями z01702
Начальный элемент ввода А.А.
801 #0 - ИСТОЧНИК ЗАПИСИ
Страна российская федерация
Организация NLR
Дата составления 19960729
852 ## - МЕСТОНАХОЖДЕНИЕ И ШИФР ХРАНЕНИЯ
Идентификатор организации NLR
Шифр хранения (Call Number) 18.90.5.44
856 #0 - МЕСТОНАХОЖДЕНИЕ ЭЛЕКТРОННЫХ РЕСУРОВ И ДОСТУП К НИМ
Универсальный идентификатор ресурса (Uniform Resource Identifier) http://vivaldi.nlr.ru/bx000014879/view
856 #1 - МЕСТОНАХОЖДЕНИЕ ЭЛЕКТРОННЫХ РЕСУРОВ И ДОСТУП К НИМ
Универсальный идентификатор ресурса (Uniform Resource Identifier) http://vivaldi.nlr.ru/bx000014879/cover
856 #2 - МЕСТОНАХОЖДЕНИЕ ЭЛЕКТРОННЫХ РЕСУРОВ И ДОСТУП К НИМ
Универсальный идентификатор ресурса (Uniform Resource Identifier) http://vivaldi.nlr.ru/bx000014879/text
901 ## - ДАННЫЕ ОБ ОБЪЕКТЕ ОЦИФРОВКИ
-- Книжные издания
942 ## - ДОПОЛНИТЕЛЬНЫЕ ЭЛЕМЕНТЫ ЗАПИСИ (АБИС)
Тип экземпляра АБИС Книга
980 ## - КОЛЛЕКЦИЯ
Название коллекции Национальная библиография
980 ## - КОЛЛЕКЦИЯ
Название коллекции Русская книга гражданской печати XVIII в. в библиотеках РФ
981 20 - КОЛЛЕКЦИЯ ЭЛЕКТРОННОЙ БИБЛИОТЕКИ
Название коллекции Книжные памятники РНБ
981 22 - КОЛЛЕКЦИЯ ЭЛЕКТРОННОЙ БИБЛИОТЕКИ
Название коллекции Материалы по истории России
Название подколлекции 2. История России до 25 октября (7 ноября) 1917 года
--
Экземпляры
Тип экземпляра Дата поступления Источник поступления Библиотека постоянного хранения Библиотека текущего хранения Место хранения Шифр хранения Штрих-код Статус не для выдачи Публичное примечание
Микрофильм 23.10.2015 Репроцентр РНБ РНБ (Московский) РНБ (Московский) Фонд микроформ Мф К1/36048 ERR-56841   1; 1
Микрофильм 23.10.2015 Репроцентр РНБ РНБ (Московский) РНБ (Московский) Фонд микроформ Мф К1/36048 ERR-56842   1; 1
Книга 13.05.2016   РНБ (Садовая) РНБ (Садовая) Русский книжный фонд -Главное здание, Ленинский читальный зал 18.90.5.44 9671109-30